Costa Rica Provinces Capital Cities Quiz - Statistics

General Stats
  • This quiz has been taken 163 times
  • The average score is 6 of 7
Answer Stats
Hint Answer % Correct
San José San José
95%
Alajuela Alajuela
91%
Cartago Cartago
90%
Heredia Heredia
88%
Puntarenas Puntarenas
88%
Guanacaste Liberia
75%
Limón Puerto Limón
64%
No matching quizzes found
Score Distribution
Percent of People with Each Score
Percentile by Number Answered
Your Score History
You have not taken this quiz